Belgique : villes de plus de 50 000 habitants - Statistiques

Statistiques générales
  • Ce quiz a été pris 39 fois
  • Le résultat moyen est 18 sur 30
Statistiques - réponses
Classement Population Province Nom de la commune % Correct
1 529 000 Anvers Anvers
100%
4 196 000 Liège Liège
100%
9 111 000 Namur Namur
97%
5 186 000 Bruxelles-Capitale Bruxelles
94%
3 201 000 Hainaut Charleroi
94%
2 263 000 Flandre-Orientale Gand
88%
8 118 000 Flandre-Occidentale Bruges
85%
12 95 000 Hainaut Mons
85%
7 121 000 Bruxelles-Capitale Anderlecht
76%
11 98 000 Bruxelles-Capitale Molenbeek-Saint-Jean
74%
22 68 000 Hainaut Tournai
74%
10 101 000 Brabant Flamand Louvain
68%
21 71 000 Flandre-Occidentale Ostende
68%
20 77 000 Flandre-Occidentale Courtrai
59%
19 79 000 Limbourg Hasselt
56%
23 66 000 Limbourg Genk
53%
14 87 000 Bruxelles-Capitale Ixelles
53%
16 84 000 Bruxelles-Capitale Uccle
53%
17 80 000 Hainaut La Louvière
50%
6 131 000 Bruxelles-Capitale Schaerbeek
47%
15 86 000 Anvers Malines
44%
26 58 000 Hainaut Mouscron
41%
18 79 000 Flandre-Orientale Sint-Niklaas
41%
28 56 000 Bruxelles-Capitale Forest
38%
27 58 000 Bruxelles-Capitale Woluwe-Saint-Lambert
38%
24 63 000 Liège Seraing
35%
30 52 000 Bruxelles-Capitale Jette
32%
29 55 000 Liège Verviers
26%
13 87 000 Flandre-Orientale Alost
18%
25 63 000 Flandre-Occidentale Roulers
18%
Aucun quiz correspondant
Distribution des résultats
% des personnes avec chaque résultat
Percentile par nombre de réponses
Votre historique - résultats
Vous n’avez pas pris ce quiz